Top 41 Beyoncé Songs - Statistics

General Stats
  • This quiz has been taken 166 times
  • The average score is 19 of 41
Answer Stats
# Song Album % Correct
6 Crazy in Love Dangerously in Love
88%
8 Halo I Am... Sasha Fierce
82%
1 Formation Lemonade
80%
19 Drunk In Love Beyoncé
78%
11 Love On Top 4
65%
13 Sorry Lemonade
64%
28 Hold Up Lemonade
63%
7 Irreplaceable B'Day
61%
38 Baby Boy Dangerously in Love
60%
17 Partition Beyoncé
60%
22 XO Beyoncé
56%
29 All Night Lemonade
52%
10 Apesh*t EVERYTHING IS LOVE
51%
16 Dangerously in Love Dangerously in Love
51%
39 Naughty Girl Dangerously in Love
51%
5 ***Flawless Beyoncé
49%
27 Upgrade U B'Day
49%
31 Best Thing I Never Had 4
46%
9 Countdown 4
46%
4 Me, Myself and I Dangerously in Love
46%
32 1+1 4
44%
25 I Care 4
43%
41 Party 4
42%
12 7/11 Beyoncé: Platinum Edition
41%
20 Don't Hurt Yourself Lemonade
40%
30 Check On It The Pink Panther
39%
14 Get Me Bodied B'Day
39%
35 Green Light B'Day
39%
15 Mine Beyoncé
38%
3 Say My Name The Writing's On The Wall
38%
18 Ring the Alarm B'Day
37%
26 Haunted Beyoncé
36%
34 End of Time 4
35%
33 Dance for You 4: Deluxe Edition
33%
36 Feeling Myself The Pinkprint
32%
2 Single Ladies (Put A Ring On It) I Am... Sasha Fierce
32%
21 Kitty Kat B'Day
30%
24 No Angel Beyoncé
29%
37 Speechless Dangerously in Love
22%
23 BOSS EVERYTHING IS LOVE
18%
40 Why Don't You Love Me I Am... Sasha Fierce
17%
No matching quizzes found
Score Distribution
Percent of People with Each Score
Percentile by Number Answered
Your Score History
You have not taken this quiz